Arsenal Squad Numbers - Statistics

General Stats
  • This quiz has been taken 53 times
    17 since last reset
  • The average score is 17 of 22
Answer Stats
Number Answer % Correct
7 Bukayo Saka
100%
9 Gabriel Jesus
100%
11 Gabriel Martinelli
100%
8 Martin Odegaard
100%
4 Ben White
92%
6 Gabriel Magalhaes
92%
5 Thomas Partey
92%
2 William Saliba
92%
41 Delcan Rice
83%
15 Jakub Kiwior
83%
12 Jurrien Timber
83%
3 Kieran Tierney
83%
20 Jorginho
75%
29 Kai Havertz
67%
19 Leandro Trossard
67%
17 Oleksandr Zinchenko
67%
22 David Raya
58%
23 Mikel Merino
58%
30 Raheem Sterling
58%
18 Takehiro Tomiyasu
58%
33 Riccardo Calafiori
42%
32 Norberto Neto
33%
No matching quizzes found
Score Distribution
Percent of People with Each Score
Percentile by Number Answered
Your Score History
You have not taken this quiz since the last reset